MARC

LEADER 00000nam0a2200000 4500
001 17348
005 20231030190849.0
035 |a (RuTPU)RU\TPU\book\17483 
035 |a BOOK00002171 
090 |a 17348 
100 |a 20011209d1978 km y0rusy50 ca 
101 0 |a rus 
102 |a RU 
105 |a a z 010zy 
200 1 |a Китай: страницы прошлого  |f В. Я. Сидихменов 
205 |a 2 изд., испр. и доп. 
210 |a Москва  |c Наука  |d 1978 
215 |a 384 с.  |c ил. 
610 1 |a история 
610 1 |a Китай 
610 1 |a 17 век 
610 1 |a 18 век 
610 1 |a 19 век 
610 1 |a 20 век 
610 1 |a культура 
610 1 |a этнография 
610 1 |a религия 
610 1 |a быт 
610 1 |a обряды 
610 1 |a семья 
686 |a Т3(5Кит)  |v LBC/SL-A  |2 rubbk 
700 1 |a Сидихменов  |b В. Я.  |g Василий Яковлевич 
801 0 |a RU  |b 63413507  |c 20011209  |g PSBO 
801 2 |a RU  |b 63413507  |c 20130426  |g PSBO 
942 |c BK